000 01157nam a2200193 a 4500
001 000020287
005 20200929170340.0
008 120210s1994 sp 000 0 spa d
020 _a958042788
040 _aDO-SdBNP
_bspa
_cBNPHU
100 1 _aDruker, Peter Ferdinand
_942921
240 1 0 _aPost-capitalist society
_lEspañol
245 1 3 _aLa sociedad post capitalista /
_cPeter Ferdinand Druker ; Traducción Jorge Cárdenas Nannetti.
260 _aBarcelona :
_bNorma ,
_c1994.
300 _a244 p. ;
_c25cm.
500 _aIncluye índice
505 0 _aLa transformación --
_tLA sociedad --
_tDel capitalismo a la sociedad del conocimiento --
_tLa sociedad de organizaciones --
_tEl trabajo, el capital y su futuro --
_tLa productividad de las nuevas fuerzas laborales --
_tLa organización basada en la responsabilidad --
_tEL ESTADO --
_tDel Estado-nación al megaestado --
_tTransnacionalismo, regionalismo, tribalismo --
_tLa necesaria reestructuración del gobierno --
_tCiudadanía por el sector social --
_tEl conocimiento: su economía, su productividad --
_tLa escuela responsable --
_tLa persona adecuada
700 1 _aCárdenas Nannetti, Jorge
_etr.
_942922
999 _c19791
_d19791